| 000 | 00363nam a2200145Ia 4500 | ||
|---|---|---|---|
| 008 | 230312s9999||||xx |||||||||||||| ||und|| | ||
| 020 | _a0-07-136452-8 | ||
| 082 |
_a616.0757 _bFOS-E |
||
| 100 | _aFosbinder;Robert,A | ||
| 245 | 0 | _aEssentials of Radiologic Science | |
| 260 |
_bMcgrawhill _aUK _c2002 |
||
| 300 | _a426 | ||
| 650 |
_aMedical _vRadiology |
||
| 942 | _cBK | ||
| 999 |
_c2117 _d2117 |
||